[Event "ABC 2025 Groep C"]
[Site "Utrecht"]
[Date "2025.03.15"]
[Round "2.1"]
[White "Suthan, Aadvik"]
[Black "Lenting, Roan"]
[Result "0-1"]
[WhiteFideId "8973723"]
[BlackFideId "8885184"]
[WhiteElo "1763"]
[BlackElo "1983"]

1. e4 {[%clk 00:55:11]} {[%emt 00:00:08]} c5 {[%clk 00:55:16]} {[%emt
00:00:03]} 2. Nf3 {[%clk 00:54:45]} {[%emt 00:00:37]} e6 {[%clk 00:55:20]}
{[%emt 00:00:07]} 3. d4 {[%clk 00:54:40]} {[%emt 00:00:14]} cxd4 {[%clk
00:55:23]} {[%emt 00:00:07]} 4. Nxd4 {[%clk 00:54:32]} {[%emt 00:00:18]} Nf6
{[%clk 00:54:56]} {[%emt 00:00:37]} 5. Nc3 {[%clk 00:54:19]} {[%emt 00:00:24]}
Nc6 {[%clk 00:55:01]} {[%emt 00:00:04]} 6. Bg5 {[%clk 00:53:05]} {[%emt
00:01:25]} Be7 {[%clk 00:54:37]} {[%emt 00:00:34]} 7. Bxf6 {[%clk 00:51:27]}
{[%emt 00:01:48]} Bxf6 {[%clk 00:54:40]} {[%emt 00:00:07]} 8. Nb3 {[%clk
00:51:04]} {[%emt 00:00:33]} a6 {[%clk 00:53:37]} {[%emt 00:01:14]} 9. Be2
{[%clk 00:50:36]} {[%emt 00:00:38]} b5 {[%clk 00:50:46]} {[%emt 00:03:00]} 10.
a3 {[%clk 00:49:28]} {[%emt 00:01:19]} Qb6 {[%clk 00:48:57]} {[%emt 00:02:00]}
11. O-O {[%clk 00:46:48]} {[%emt 00:02:48]} O-O {[%clk 00:48:37]} {[%emt
00:00:30]} 12. Kh1 {[%clk 00:45:00]} {[%emt 00:01:57]} g6 {[%clk 00:45:19]}
{[%emt 00:03:29]} 13. f4 {[%clk 00:43:08]} {[%emt 00:02:02]} Bg7 {[%clk
00:38:08]} {[%emt 00:07:22]} 14. Qd6 {[%clk 00:37:33]} {[%emt 00:05:45]} Re8
{[%clk 00:34:38]} {[%emt 00:03:39]} 15. Qd2 {[%clk 00:35:43]} {[%emt 00:01:58]}
Na5 {[%clk 00:26:54]} {[%emt 00:07:56]} 16. f5 {[%clk 00:32:28]} {[%emt
00:03:25]} exf5 {[%clk 00:24:35]} {[%emt 00:02:29]} 17. exf5 {[%clk 00:29:04]}
{[%emt 00:03:35]} Nxb3 {[%clk 00:23:25]} {[%emt 00:01:19]} 18. cxb3 {[%clk
00:28:29]} {[%emt 00:00:45]} Bb7 {[%clk 00:18:06]} {[%emt 00:05:29]} 19. Bf3
{[%clk 00:27:58]} {[%emt 00:00:38]} Bxf3 {[%clk 00:17:44]} {[%emt 00:00:36]} 20.
Rxf3 {[%clk 00:27:21]} {[%emt 00:00:47]} Qd4 {[%clk 00:17:13]} {[%emt
00:00:41]} 21. Qxd4 {[%clk 00:26:05]} {[%emt 00:01:25]} Bxd4 {[%clk 00:17:21]}
{[%emt 00:00:02]} 22. fxg6 {[%clk 00:25:42]} {[%emt 00:00:32]} hxg6 {[%clk
00:16:38]} {[%emt 00:00:54]} 23. Rd3 {[%clk 00:25:20]} {[%emt 00:00:32]} Bxc3
{[%clk 00:16:28]} {[%emt 00:00:20]} 24. bxc3 {[%clk 00:25:15]} {[%emt
00:00:15]} Rac8 {[%clk 00:16:08]} {[%emt 00:00:30]} 25. h3 {[%clk 00:24:47]}
{[%emt 00:00:37]} Re2 {[%clk 00:15:46]} {[%emt 00:00:33]} 26. a4 {[%clk
00:24:32]} {[%emt 00:00:25]} Rb2 {[%clk 00:13:02]} {[%emt 00:02:54]} 27. axb5
{[%clk 00:23:25]} {[%emt 00:01:18]} axb5 {[%clk 00:13:11]} 28. b4 {[%clk
00:23:09]} {[%emt 00:00:25]} Rb3 {[%clk 00:12:05]} {[%emt 00:01:16]} 29. Rxd7
{[%clk 00:21:59]} {[%emt 00:01:20]} Rcxc3 {[%clk 00:10:43]} {[%emt 00:01:31]}
30. Rd4 {[%clk 00:21:20]} {[%emt 00:00:49]} Rc4 {[%clk 00:10:26]} {[%emt
00:00:27]} 31. Ra8+ {[%clk 00:20:44]} {[%emt 00:00:47]} Kg7 {[%clk 00:10:24]}
{[%emt 00:00:13]} 32. Rxc4 {[%clk 00:20:28]} {[%emt 00:00:26]} bxc4 {[%clk
00:10:33]} 33. Rb8 {[%clk 00:20:07]} {[%emt 00:00:32]} Kf6 {[%clk 00:10:25]}
{[%emt 00:00:17]} 34. b5 {[%clk 00:20:00]} {[%emt 00:00:17]} Ke5 {[%clk
00:09:28]} {[%emt 00:01:07]} 35. b6 {[%clk 00:19:35]} {[%emt 00:00:35]} Kd4
{[%clk 00:08:16]} {[%emt 00:01:22]} 36. b7 {[%clk 00:19:25]} {[%emt 00:00:20]}
Kc3 {[%clk 00:08:16]} {[%emt 00:00:10]} 37. Kg1 {[%clk 00:19:09]} {[%emt
00:00:26]} Rb6 {[%clk 00:08:02]} {[%emt 00:00:22]} 38. Kf2 {[%clk 00:18:51]}
{[%emt 00:00:30]} Kb3 {[%clk 00:07:58]} {[%emt 00:00:14]} 39. Ke3 {[%clk
00:18:13]} {[%emt 00:00:45]} c3 {[%clk 00:07:39]} {[%emt 00:00:32]} 40. Kd3
{[%clk 00:17:57]} {[%emt 00:00:26]} Kb2 {[%clk 00:07:20]} {[%emt 00:00:29]} 41.
Rc8 {[%clk 00:17:22]} {[%emt 00:00:45]} Rxb7 {[%clk 00:07:11]} {[%emt
00:00:19]} 42. Rxc3 {[%clk 00:17:20]} {[%emt 00:00:13]} Rd7+ {[%clk 00:07:17]}
{[%emt 00:00:04]} 43. Kc4 {[%clk 00:17:13]} {[%emt 00:00:15]} Rc7+ {[%clk
00:07:24]} {[%emt 00:00:04]} 44. Kd5 {[%clk 00:17:05]} {[%emt 00:00:18]} Rxc3
{[%clk 00:07:24]} {[%emt 00:00:10]} 45. Ke5 {[%clk 00:17:00]} {[%emt 00:00:15]}
Rg3 {[%clk 00:07:25]} {[%emt 00:00:09]} 46. Kf6 {[%clk 00:17:00]} {[%emt
00:00:09]} Rxg2 {[%clk 00:07:32]} {[%emt 00:00:04]} 47. Kxf7 {[%clk 00:16:59]}
{[%emt 00:00:11]} Rh2 {[%clk 00:07:38]} {[%emt 00:00:04]} 48. Kxg6 {[%clk
00:16:55]} {[%emt 00:00:14]} Rxh3 {[%clk 00:07:44]} {[%emt 00:00:04]} 49. Kg5
{[%clk 00:16:54]} {[%emt 00:00:12]} Rf3 {[%clk 00:07:48]} {[%emt 00:00:05]} 50.
Kg4 {[%clk 00:16:56]} {[%emt 00:00:09]} Rf8 {[%clk 00:07:52]} {[%emt 00:00:05]}
51. Kg5 {[%clk 00:16:58]} {[%emt 00:00:08]} Kc3 {[%clk 00:07:58]} {[%emt
00:00:05]} 52. Kg6 {[%clk 00:16:58]} {[%emt 00:00:10]} Kd4 {[%clk 00:08:03]}
{[%emt 00:00:04]} 53. Kg7 {[%clk 00:17:01]} {[%emt 00:00:07]} Rf1 {[%clk
00:08:06]} {[%emt 00:00:06]} 54. Kg6 {[%clk 00:17:03]} {[%emt 00:00:08]} Ke5
{[%clk 00:08:13]} {[%emt 00:00:04]} 55. Kg5 {[%clk 00:17:04]} {[%emt 00:00:09]}
Rg1 {[%clk 00:08:14]} {[%emt 00:00:08]} 56. Kh4 {[%clk 00:17:01]} {[%emt
00:00:14]} Kf5 {[%clk 00:08:10]} {[%emt 00:00:14]} 57. Kh3 {[%clk 00:17:01]}
{[%emt 00:00:10]} Kf4 {[%clk 00:08:15]} {[%emt 00:00:05]} 58. Kh2 {[%clk
00:17:01]} {[%emt 00:00:10]} Rb1 {[%clk 00:08:14]} {[%emt 00:00:10]} 59. Kh3
{[%clk 00:16:58]} {[%emt 00:00:14]} Rb2 {[%clk 00:08:16]} {[%emt 00:00:08]} 60.
Kh4 {[%clk 00:17:01]} {[%emt 00:00:07]} Rh2 {[%clk 00:08:17]} {[%emt 00:00:09]}
0-1

[Event "ABC 2025 Groep C"]
[Site "Utrecht"]
[Date "2025.03.15"]
[Round "2.2"]
[White "Etienne, Ghilon"]
[Black "Bloemberg, Jesper"]
[Result "1-0"]
[WhiteFideId "8852118"]
[BlackFideId "8902872"]
[WhiteElo "1972"]
[BlackElo "1750"]

1. d4 {[%emt 00:27:00]} Nf6 {[%emt 00:00:09]} 2. Nf3 {[%emt 00:00:03]} g6
{[%emt 00:00:05]} 3. g3 {[%emt 00:00:04]} Bg7 {[%emt 00:00:17]} 4. Bg2 {[%emt
00:00:03]} O-O {[%emt 00:00:33]} 5. O-O {[%emt 00:00:03]} d6 {[%emt 00:00:12]}
6. c4 {[%emt 00:00:03]} Nc6 {[%emt 00:03:29]} 7. Nc3 {[%emt 00:00:06]} e5
{[%emt 00:01:27]} 8. d5 {[%emt 00:00:04]} Ne7 {[%emt 00:00:07]} 9. e4 {[%emt
00:00:09]} Ne8 {[%emt 00:02:14]} 10. b4 {[%emt 00:00:14]} f5 {[%emt 00:00:47]}
11. Bb2 {[%emt 00:00:32]} Nf6 {[%emt 00:03:42]} 12. Nd2 {[%emt 00:00:05]} Bd7
{[%emt 00:02:05]} 13. c5 {[%emt 00:01:44]} fxe4 {[%emt 00:01:53]} 14. Ndxe4
{[%emt 00:00:09]} Be8 {[%emt 00:01:07]} 15. Qb3 {[%emt 00:02:17]} Bf7 {[%emt
00:02:14]} 16. Nxf6+ {[%emt 00:00:53]} Bxf6 {[%emt 00:00:11]} 17. Rfd1 {[%emt
00:01:13]} Nf5 {[%emt 00:01:25]} 18. Ne4 {[%emt 00:00:12]} Bg7 {[%emt
00:00:31]} 19. Rac1 {[%emt 00:00:41]} Kh8 {[%emt 00:01:40]} 20. b5 {[%emt
00:01:34]} Qd7 {[%emt 00:03:47]} 21. Ba3 {[%emt 00:02:08]} Nd4 {[%emt
00:00:40]} 22. Qc4 {[%emt 00:13:36]} Nxb5 {[%emt 00:03:05]} 23. Qa4 {[%emt
00:00:08]} Qe8 {[%emt 00:02:22]} 24. cxd6 {[%emt 00:01:39]} cxd6 {[%emt
00:00:36]} 25. Rb1 {[%emt 00:01:19]} a6 {[%emt 00:01:19]} 26. Nxd6 {[%emt
00:01:06]} Nxd6 {[%emt 00:00:14]} 27. Qxe8 {[%emt 00:00:03]} Nxe8 {[%emt
00:00:11]} 28. Bxf8 {[%emt 00:00:04]} Bxf8 {[%emt 00:00:13]} 29. Rxb7 {[%emt
00:00:04]} Nd6 {[%emt 00:00:19]} 30. Rb6 {[%emt 00:00:40]} Be8 {[%emt
00:01:04]} 31. Re1 {[%emt 00:00:22]} Bb5 {[%emt 00:04:46]} 32. Rc1 Ra7 {[%emt
00:01:17]} 33. Rb8 {[%emt 00:01:15]} Kg7 {[%emt 00:00:07]} 34. Bf1 {[%emt
00:00:18]} Be7 {[%emt 00:01:29]} 35. Re1 {[%emt 00:02:34]} Kf6 {[%emt
00:01:39]} 36. Rc1 {[%emt 00:01:49]} Kg7 {[%emt 00:00:33]} 37. a3 {[%emt
00:01:24]} Kf6 {[%emt 00:00:36]} 38. Bh3 {[%emt 00:00:12]} Bc4 {[%emt
00:01:03]} 39. Be6 {[%emt 00:00:11]} Bb5 {[%emt 00:00:47]} 40. h4 {[%emt
00:00:39]} Rb7 {[%emt 00:02:42]} 41. Rxb7 {[%emt 00:04:01]} Nxb7 {[%emt
00:00:56]} 42. g4 {[%emt 00:00:08]} Bc5 {[%emt 00:00:57]} 43. Bc8 {[%emt
00:00:46]} Bxa3 {[%emt 00:00:39]} 44. Rc7 {[%emt 00:00:54]} e4 {[%emt
00:01:04]} 45. Bxb7 {[%emt 00:00:21]} h5 {[%emt 00:02:24]} 46. gxh5 {[%emt
00:00:15]} gxh5 {[%emt 00:00:03]} 47. Rh7 {[%emt 00:00:21]} Be2 {[%emt
00:00:30]} 48. d6 {[%emt 00:00:05]} Bxd6 {[%emt 00:00:27]} 49. Bxe4 {[%emt
00:00:07]} Ke5 {[%emt 00:01:04]} 50. f3 {[%emt 00:00:06]} a5 {[%emt 00:00:29]}
51. Rxh5+ {[%emt 00:00:07]} Kf4 {[%emt 00:00:20]} 52. Kf2 {[%emt 00:00:16]} 1-0

[Event "ABC 2025 Groep C"]
[Site "Utrecht"]
[Date "2025.03.15"]
[Round "2.3"]
[White "John, Rihaan"]
[Black "Zhang, Xiheng"]
[Result "0-1"]
[WhiteFideId "8959302"]
[BlackFideId "8939645"]
[WhiteElo "1761"]
[BlackElo "1928"]

1. e4 {[%clk 00:55:19]} c5 {[%clk 00:55:12]} {[%emt 00:00:08]} 2. Nf3 {[%clk
00:55:20]} {[%emt 00:00:10]} e6 {[%clk 00:55:18]} {[%emt 00:00:03]} 3. c4
{[%clk 00:55:15]} {[%emt 00:00:15]} Nc6 {[%clk 00:55:23]} {[%emt 00:00:05]} 4.
Nc3 {[%clk 00:55:18]} {[%emt 00:00:07]} Nf6 {[%clk 00:55:28]} {[%emt 00:00:06]}
5. Be2 {[%clk 00:55:17]} {[%emt 00:00:08]} Be7 {[%clk 00:55:16]} {[%emt
00:00:24]} 6. d3 {[%clk 00:55:17]} {[%emt 00:00:11]} d6 {[%clk 00:54:43]}
{[%emt 00:00:43]} 7. O-O {[%clk 00:55:13]} {[%emt 00:00:14]} O-O {[%clk
00:54:27]} {[%emt 00:00:25]} 8. d4 {[%clk 00:54:52]} {[%emt 00:00:33]} cxd4
{[%clk 00:54:05]} {[%emt 00:00:30]} 9. Nxd4 {[%emt 00:01:12]} a6 {[%clk
00:53:10]} 10. a4 {[%clk 00:54:22]} {[%emt 00:00:44]} Bd7 {[%clk 00:52:00]}
{[%emt 00:01:19]} 11. Be3 {[%clk 00:51:26]} {[%emt 00:03:07]} Qc7 {[%clk
00:49:52]} {[%emt 00:02:14]} 12. f4 {[%clk 00:49:10]} {[%emt 00:02:30]} Nxd4
{[%clk 00:46:04]} {[%emt 00:03:57]} 13. Bxd4 {[%emt 00:00:24]} Bc6 {[%clk
00:45:25]} {[%emt 00:00:40]} 14. e5 {[%clk 00:48:14]} {[%emt 00:01:01]} dxe5
{[%clk 00:43:43]} {[%emt 00:01:52]} 15. fxe5 {[%clk 00:47:53]} {[%emt
00:00:30]} Nd7 {[%clk 00:42:32]} {[%emt 00:01:22]} 16. Bh5 {[%clk 00:46:54]}
{[%emt 00:01:03]} Nxe5 {[%clk 00:41:48]} {[%emt 00:01:01]} 17. Qe2 {[%clk
00:45:52]} {[%emt 00:01:11]} Ng6 {[%clk 00:39:49]} {[%emt 00:02:09]} 18. Bxg6
{[%clk 00:45:35]} {[%emt 00:00:26]} hxg6 {[%clk 00:39:46]} {[%emt 00:00:13]} 19.
Qg4 {[%clk 00:44:38]} {[%emt 00:01:07]} Rad8 {[%clk 00:37:47]} {[%emt
00:02:10]} 20. a5 {[%clk 00:43:28]} {[%emt 00:01:20]} Rd7 {[%clk 00:35:11]}
{[%emt 00:02:46]} 21. h4 {[%clk 00:36:17]} {[%emt 00:07:21]} Bf3 {[%clk
00:32:49]} {[%emt 00:02:33]} 22. Rxf3 {[%clk 00:35:25]} {[%emt 00:01:02]} Rxd4
{[%clk 00:32:53]} {[%emt 00:00:06]} 23. Qg3 {[%clk 00:34:14]} {[%emt 00:01:19]}
Qxg3 {[%clk 00:32:19]} {[%emt 00:00:45]} 24. Rxg3 {[%clk 00:32:05]} {[%emt
00:02:19]} Bxh4 {[%clk 00:32:19]} {[%emt 00:00:10]} 25. Rh3 {[%clk 00:31:50]}
{[%emt 00:00:24]} Rxc4 {[%clk 00:32:24]} {[%emt 00:00:06]} 26. g3 {[%clk
00:31:45]} {[%emt 00:00:15]} Bf6 {[%clk 00:32:29]} {[%emt 00:00:05]} 27. Kg2
{[%clk 00:31:10]} {[%emt 00:00:45]} Rd8 {[%clk 00:32:19]} {[%emt 00:00:20]} 28.
Rah1 {[%clk 00:31:02]} {[%emt 00:00:17]} Rd2+ {[%clk 00:31:51]} {[%emt
00:00:39]} 29. Kf3 {[%clk 00:30:57]} {[%emt 00:00:14]} Kf8 {[%clk 00:31:38]}
{[%emt 00:00:24]} 30. Rh8+ {[%clk 00:30:48]} {[%emt 00:00:19]} Ke7 {[%clk
00:31:44]} {[%emt 00:00:04]} 31. Rb8 {[%clk 00:30:32]} {[%emt 00:00:26]} Rxb2
{[%clk 00:31:39]} {[%emt 00:00:16]} 32. Nd1 {[%clk 00:30:19]} {[%emt 00:00:22]}
Rb3+ {[%clk 00:31:35]} {[%emt 00:00:14]} 33. Kg2 {[%clk 00:30:19]} {[%emt
00:00:10]} Rc2+ {[%clk 00:31:20]} {[%emt 00:00:25]} 34. Kh3 {[%clk 00:29:14]}
{[%emt 00:01:15]} Rxg3+ {[%clk 00:31:20]} {[%emt 00:00:10]} 35. Kxg3 {[%clk
00:29:05]} {[%emt 00:00:19]} Be5+ {[%clk 00:31:27]} {[%emt 00:00:04]} 0-1

[Event "ABC 2025 Groep C"]
[Site "Utrecht"]
[Date "2025.03.15"]
[Round "2.4"]
[White "Xu, Alex Z"]
[Black "Rantz, Thomas"]
[Result "0-1"]
[WhiteFideId "8883292"]
[BlackFideId "8976572"]
[WhiteElo "1920"]
[BlackElo "1750"]

1. e4 {[%clk 00:55:19]} {[%emt 00:27:53]} c6 {[%clk 00:55:16]} {[%emt
00:00:05]} 2. d4 {[%clk 00:55:26]} {[%emt 00:00:03]} d5 {[%clk 00:55:14]}
{[%emt 00:00:12]} 3. exd5 {[%clk 00:55:24]} {[%emt 00:00:14]} cxd5 {[%clk
00:55:19]} {[%emt 00:00:04]} 4. Bd3 {[%clk 00:55:30]} {[%emt 00:00:03]} Nf6
{[%clk 00:55:05]} {[%emt 00:00:25]} 5. h3 {[%clk 00:55:36]} {[%emt 00:00:04]}
e6 {[%clk 00:55:06]} {[%emt 00:00:07]} 6. Nf3 {[%clk 00:55:43]} {[%emt
00:00:04]} h6 {[%clk 00:55:00]} {[%emt 00:00:18]} 7. O-O {[%clk 00:55:45]}
{[%emt 00:00:07]} Bd6 {[%clk 00:55:01]} {[%emt 00:00:07]} 8. c3 {[%clk
00:55:50]} {[%emt 00:00:07]} O-O {[%clk 00:54:59]} {[%emt 00:00:11]} 9. Re1
{[%clk 00:55:56]} {[%emt 00:00:04]} Nc6 {[%clk 00:54:14]} {[%emt 00:00:57]} 10.
Nbd2 {[%clk 00:55:27]} {[%emt 00:00:36]} a6 {[%clk 00:54:06]} {[%emt 00:00:19]}
11. Ne5 {[%clk 00:55:10]} {[%emt 00:00:27]} Qc7 {[%emt 00:00:55]} 12. Ndf3
{[%clk 00:55:03]} b5 {[%clk 00:53:00]} {[%emt 00:00:50]} 13. Nxc6 {[%clk
00:53:47]} {[%emt 00:01:26]} Qxc6 {[%clk 00:53:03]} {[%emt 00:00:07]} 14. Ne5
{[%clk 00:53:48]} {[%emt 00:00:07]} Qc7 {[%clk 00:51:12]} {[%emt 00:01:59]} 15.
Qf3 {[%clk 00:51:49]} {[%emt 00:02:12]} Qe7 {[%clk 00:45:02]} {[%emt 00:06:17]}
16. Bf4 {[%clk 00:47:48]} {[%emt 00:04:13]} Bb7 {[%clk 00:44:28]} {[%emt
00:00:43]} 17. Qe3 {[%clk 00:45:43]} {[%emt 00:02:15]} h5 {[%clk 00:40:37]}
{[%emt 00:04:01]} 18. Bg5 {[%clk 00:42:49]} {[%emt 00:03:05]} g6 {[%clk
00:39:30]} {[%emt 00:01:18]} 19. Qf3 {[%clk 00:39:39]} {[%emt 00:03:19]} Kg7
{[%clk 00:36:12]} {[%emt 00:03:28]} 20. Nd7 {[%clk 00:38:41]} {[%emt 00:01:08]}
Qxd7 {[%clk 00:34:16]} {[%emt 00:02:06]} 21. Bxf6+ {[%clk 00:34:55]} {[%emt
00:03:57]} Kg8 {[%clk 00:33:30]} {[%emt 00:00:32]} 22. g4 {[%clk 00:32:08]}
{[%emt 00:03:20]} h4 {[%clk 00:31:41]} {[%emt 00:01:59]} 23. g5 {[%clk
00:30:12]} {[%emt 00:02:06]} Rfe8 {[%clk 00:31:04]} {[%emt 00:00:47]} 24. Qg4
{[%clk 00:29:18]} {[%emt 00:01:04]} Bf8 {[%clk 00:30:31]} {[%emt 00:00:43]} 25.
Qxh4 {[%clk 00:28:16]} {[%emt 00:01:11]} Bg7 {[%clk 00:30:28]} {[%emt
00:00:13]} 26. Qg3 {[%clk 00:26:12]} {[%emt 00:02:16]} Rac8 {[%clk 00:28:39]}
{[%emt 00:01:58]} 27. Qe5 {[%clk 00:25:35]} {[%emt 00:00:47]} Bf8 {[%clk
00:27:44]} {[%emt 00:01:05]} 28. Qe2 {[%clk 00:22:06]} {[%emt 00:03:39]} Qd6
{[%clk 00:24:42]} {[%emt 00:03:11]} 29. h4 {[%clk 00:21:21]} {[%emt 00:00:56]}
Bg7 {[%emt 00:03:13]} 30. Qf3 {[%clk 00:18:33]} {[%emt 00:02:56]} Bxf6 {[%clk
00:19:46]} {[%emt 00:02:06]} 31. gxf6 {[%clk 00:17:31]} {[%emt 00:01:12]} Qf8
{[%clk 00:18:10]} {[%emt 00:01:45]} 32. h5 {[%clk 00:15:29]} {[%emt 00:02:12]}
g5 {[%clk 00:17:43]} {[%emt 00:00:27]} 33. Re5 {[%clk 00:15:06]} {[%emt
00:00:44]} Qh6 {[%clk 00:17:18]} {[%emt 00:00:30]} 34. Kh2 {[%clk 00:14:26]}
{[%emt 00:00:53]} Kf8 {[%clk 00:16:32]} {[%emt 00:00:58]} 35. Rg1 {[%clk
00:14:22]} {[%emt 00:00:13]} Red8 {[%clk 00:15:35]} {[%emt 00:01:07]} 36. Rexg5
{[%clk 00:14:22]} {[%emt 00:00:11]} Ke8 {[%clk 00:15:18]} {[%emt 00:00:27]} 37.
Rg7 {[%clk 00:13:39]} {[%emt 00:00:52]} Rd6 {[%clk 00:13:38]} {[%emt 00:01:48]}
38. Rd1 {[%clk 00:12:25]} {[%emt 00:01:26]} Qh8 {[%clk 00:12:36]} {[%emt
00:01:09]} 39. Qg4 {[%clk 00:11:29]} {[%emt 00:01:10]} Qh6 {[%clk 00:11:54]}
{[%emt 00:00:50]} 40. Qf3 {[%clk 00:10:25]} {[%emt 00:01:16]} Ba8 {[%clk
00:11:05]} {[%emt 00:00:58]} 41. Rdg1 {[%clk 00:09:22]} {[%emt 00:01:13]} e5
{[%clk 00:09:57]} {[%emt 00:01:18]} 42. dxe5 {[%clk 00:08:49]} {[%emt
00:00:44]} d4 {[%clk 00:09:31]} {[%emt 00:00:37]} 43. Qg4 {[%clk 00:08:00]}
{[%emt 00:00:57]} Re6 {[%clk 00:09:00]} {[%emt 00:00:42]} 44. Rg8+ {[%clk
00:07:55]} {[%emt 00:00:15]} Kd7 {[%clk 00:08:43]} {[%emt 00:00:27]} 45. Rxc8
{[%clk 00:07:55]} {[%emt 00:00:10]} Kxc8 {[%clk 00:08:44]} {[%emt 00:00:09]} 46.
Bf5 {[%clk 00:07:46]} {[%emt 00:00:18]} Bd5 {[%clk 00:08:35]} {[%emt 00:00:20]}
47. Qg8+ {[%clk 00:07:27]} {[%emt 00:00:29]} Kb7 {[%clk 00:07:56]} {[%emt
00:00:48]} 48. Qxf7+ {[%clk 00:07:29]} {[%emt 00:00:09]} Kb6 {[%clk 00:07:40]}
{[%emt 00:00:26]} 49. Bxe6 {[%clk 00:07:25]} {[%emt 00:00:13]} Qf4+ {[%clk
00:06:39]} {[%emt 00:01:11]} 50. Rg3 {[%clk 00:06:07]} {[%emt 00:01:28]} Qh4+
{[%clk 00:06:05]} {[%emt 00:00:44]} 51. Bh3 {[%clk 00:05:43]} {[%emt 00:00:35]}
Bxf7 {[%clk 00:05:56]} {[%emt 00:00:19]} 52. cxd4 {[%clk 00:05:20]} {[%emt
00:00:33]} Qxd4 {[%clk 00:05:15]} {[%emt 00:00:51]} 53. e6 {[%clk 00:04:21]}
{[%emt 00:01:09]} Qxf2+ {[%clk 00:04:54]} {[%emt 00:00:31]} 54. Rg2 {[%clk
00:04:11]} {[%emt 00:00:20]} Qf4+ {[%clk 00:05:00]} {[%emt 00:00:04]} 55. Kh1
{[%clk 00:03:52]} {[%emt 00:00:28]} Bxh5 {[%clk 00:04:48]} {[%emt 00:00:23]} 56.
f7 {[%emt 00:00:44]} Bxf7 {[%clk 00:04:33]} {[%emt 00:00:22]} 57. exf7 {[%clk
00:03:24]} {[%emt 00:00:07]} Qxf7 {[%clk 00:04:42]} {[%emt 00:00:01]} 58. a3
{[%clk 00:03:25]} {[%emt 00:00:09]} Qf1+ {[%clk 00:04:46]} {[%emt 00:00:05]} 59.
Kh2 {[%clk 00:03:33]} {[%emt 00:00:02]} Qf4+ {[%clk 00:04:55]} {[%emt
00:00:02]} 60. Kh1 {[%clk 00:03:38]} {[%emt 00:00:05]} a5 {[%clk 00:04:46]}
{[%emt 00:00:19]} 61. Kg1 {[%clk 00:03:35]} {[%emt 00:00:13]} Qe3+ {[%clk
00:04:49]} {[%emt 00:00:05]} 62. Kh2 {[%clk 00:03:43]} {[%emt 00:00:03]} b4
{[%clk 00:04:50]} {[%emt 00:00:10]} 63. axb4 {[%clk 00:03:48]} {[%emt
00:00:05]} axb4 {[%clk 00:04:58]} {[%emt 00:00:01]} 64. Bg4 {[%clk 00:03:37]}
{[%emt 00:00:21]} Qf4+ {[%clk 00:05:01]} {[%emt 00:00:06]} 65. Kh1 {[%clk
00:03:39]} {[%emt 00:00:09]} Qf1+ {[%clk 00:05:04]} {[%emt 00:00:06]} 66. Kh2
{[%clk 00:03:44]} {[%emt 00:00:07]} Qc4 {[%clk 00:05:06]} {[%emt 00:00:06]} 67.
Kh1 {[%clk 00:03:45]} {[%emt 00:00:11]} b3 {[%clk 00:05:04]} {[%emt 00:00:13]}
68. Kh2 {[%clk 00:03:30]} {[%emt 00:00:24]} Qd3 {[%clk 00:05:05]} {[%emt
00:00:09]} 69. Kh1 {[%clk 00:03:29]} {[%emt 00:00:11]} Qc2 {[%clk 00:05:04]}
{[%emt 00:00:06]} 70. Kh2 {[%clk 00:03:30]} {[%emt 00:00:13]} Kc5 {[%clk
00:05:07]} {[%emt 00:00:06]} 71. Kg1 {[%clk 00:03:18]} {[%emt 00:00:24]} Qc1+
{[%clk 00:05:09]} {[%emt 00:00:08]} 72. Kh2 {[%clk 00:03:22]} {[%emt 00:00:05]}
Kd4 {[%clk 00:05:12]} {[%emt 00:00:06]} 73. Bf5 {[%clk 00:03:11]} {[%emt
00:00:22]} Qf4+ {[%clk 00:05:16]} {[%emt 00:00:05]} 74. Rg3 {[%clk 00:03:15]}
{[%emt 00:00:08]} Qxf5 {[%clk 00:05:23]} {[%emt 00:00:03]} 75. Kg2 {[%clk
00:03:11]} {[%emt 00:00:14]} Qc2+ {[%clk 00:05:29]} {[%emt 00:00:04]} 76. Kh3
{[%clk 00:03:20]} {[%emt 00:00:01]} Qxb2 {[%clk 00:05:37]} {[%emt 00:00:02]}
0-1

[Event "ABC 2025 Groep C"]
[Site "Utrecht"]
[Date "2025.03.15"]
[Round "2.5"]
[White "Friedel, Floris"]
[Black "Margaryan, Aren"]
[Result "0-1"]
[WhiteFideId "8825586"]
[BlackFideId "8994645"]
[WhiteElo "1750"]
[BlackElo "1889"]

1. d4 {[%emt 00:26:16]} Nf6 {[%emt 00:00:11]} 2. c4 {[%emt 00:00:10]} e6 {[%emt
00:00:07]} 3. Nf3 {[%emt 00:00:07]} d5 {[%emt 00:00:12]} 4. Nc3 {[%emt
00:00:17]} c5 {[%emt 00:00:13]} 5. Bg5 {[%emt 00:01:55]} cxd4 {[%emt 00:00:37]}
6. Qxd4 {[%emt 00:01:24]} Nc6 {[%emt 00:00:54]} 7. Qd1 {[%emt 00:01:08]} d4
{[%emt 00:00:48]} 8. Nb1 {[%emt 00:02:19]} h6 {[%emt 00:00:59]} 9. Bh4 {[%emt
00:00:27]} Be7 {[%emt 00:01:28]} 10. a3 {[%emt 00:03:03]} e5 {[%emt 00:02:22]}
11. Bxf6 {[%emt 00:01:10]} Bxf6 {[%emt 00:00:15]} 12. Nbd2 {[%emt 00:00:18]}
Bf5 {[%emt 00:00:45]} 13. Qb3 {[%emt 00:04:00]} Qc7 {[%emt 00:02:29]} 14. e4
{[%emt 00:00:50]} dxe3 {[%emt 00:00:44]} 15. Qxe3 {[%emt 00:00:37]} O-O-O
{[%emt 00:05:17]} 16. Ne4 {[%emt 00:05:20]} Qa5+ {[%emt 00:02:05]} 17. Nc3
{[%emt 00:01:09]} Nd4 {[%emt 00:00:32]} 18. Rc1 {[%emt 00:05:24]} Nc2+ {[%emt
00:06:20]} 19. Rxc2 {[%emt 00:00:13]} Bxc2 {[%emt 00:00:19]} 20. Be2 {[%emt
00:00:20]} e4 {[%emt 00:01:06]} 21. Ng1 {[%emt 00:05:59]} Rd3 {[%emt 00:03:32]}
22. Bxd3 {[%emt 00:03:13]} Bxc3+ {[%emt 00:00:13]} 23. bxc3 {[%emt 00:00:04]}
Qxc3+ {[%emt 00:00:07]} 24. Qd2 {[%emt 00:00:38]} Qa1+ {[%emt 00:00:44]} 25.
Ke2 {[%emt 00:00:31]} exd3+ {[%emt 00:01:06]} 26. Kf3 {[%emt 00:00:10]} Re8
{[%emt 00:00:25]} 27. g3 {[%emt 00:00:26]} Qd1+ {[%emt 00:01:52]} 28. Qxd1
{[%emt 00:00:18]} Bxd1+ {[%emt 00:00:04]} 0-1